| Tag |
First Indicator |
Second Indicator |
Subfields |
| LEADER |
00000cam a2200000 a 4500 |
| 001 |
in00000018463 |
| 005 |
20151007053241.0 |
| 008 |
870820s1987 mdua b 00110 eng |
| 010 |
|
|
|a 87022632
|
| 020 |
|
|
|a 0801836166 (pbk.)
|
| 020 |
|
|
|a 0801836158 (hard)
|
| 035 |
|
|
|a (OCoLC)16647466
|
| 035 |
|
|
|9 AAB0959AM
|
| 040 |
|
|
|a DLC
|c DLC
|d OCL
|d TXA
|d UtOrBLW
|
| 049 |
|
|
|a TXAM
|c [A11465765]
|
| 050 |
0 |
0 |
|a HD1415
|b .C335 1987
|
| 070 |
0 |
|
|a HD1415.C3
|
| 072 |
|
0 |
|a E100
|
| 082 |
0 |
|
|a 351.82/33
|2 19
|
| 100 |
1 |
|
|a Casley, D. J.
|
| 245 |
1 |
0 |
|a Project monitoring and evaluation in agriculture /
|c Dennis J. Casley and Krishna Kumar.
|
| 264 |
|
1 |
|a Baltimore :
|b published for the World Bank [by] the Johns Hopkins University Press,
|c [1987]
|
| 264 |
|
4 |
|c ©1987
|
| 300 |
|
|
|a xiii, 159 pages :
|b illustrations ;
|c 24 cm.
|
| 336 |
|
|
|a text
|b txt
|2 rdacontent
|
| 337 |
|
|
|a unmediated
|b n
|2 rdamedia
|
| 338 |
|
|
|a volume
|b nc
|2 rdacarrier
|
| 500 |
|
|
|a "Published for the World Bank."
|
| 500 |
|
|
|a "A joint study: the World Bank, International Fund for Agricultural Development, Food and Agriculture Organization of the United Nations"--P. [4] of cover.
|
| 504 |
|
|
|a Bibliography: pages 155-156.
|
| 500 |
|
|
|a Includes index.
|
| 650 |
|
0 |
|a Agricultural development projects
|x Management.
|
| 650 |
|
0 |
|a Agricultural development projects
|x Evaluation.
|
| 700 |
1 |
|
|a Kumar, Krishna,
|d 1940-
|
| 710 |
2 |
|
|a World Bank.
|
| 710 |
2 |
|
|a International Fund for Agricultural Development.
|
| 710 |
2 |
|
|a Food and Agriculture Organization of the United Nations.
|
| 999 |
|
|
|a MARS
|
| 999 |
f |
f |
|s 625959c3-4f35-3092-82e3-247612e5fced
|i 27b4f927-6413-382b-9fee-5738ba996404
|t 0
|
| 952 |
f |
f |
|p ric
|a Texas A&M University
|b Rellis Campus
|c Joint Library Facility
|s JLF
|d Remote Storage
|t 0
|e HD1415 .C335 1987
|h Library of Congress classification
|i unmediated -- volume
|m A14811465765
|
| 998 |
f |
f |
|a HD1415 .C335 1987
|t 0
|l Remote Storage
|